Famous People with Months in Their Names - Statistics

General Stats
  • This quiz has been taken 261 times
  • The average score is 5 of 16
Answer Stats
Life Hint Person % Correct
1947 – Guitarist of Queen Brian May
74%
1956 – Former Prime Minister of the United Kingdom Theresa May
57%
1832 – 1888 Best known for writing Little Women Louisa May Alcott
56%
Fictional Gluttonous boy, who is first to find a Golden Ticket Augustus Gloop
50%
Fictional Spider-Man's dad's brother's wife Aunt May
49%
Fictional Title character of the hit 1971 Rod Stewart song Maggie May
42%
1978 – Actress who was Betty Draper in Mad Men January Jones
41%
1929 – 2003 Singer who was the second wife of The Man in Black June Carter Cash
41%
1963 – Co-presenter of Top Gear from 2003 until 2015 James May
34%
1977 – Ranked greatest boxer of all time, pound for pound Floyd Mayweather
30%
1915 – 2006 Chilean general and dictator (1973 to 1990) Augusto Pinochet
27%
Fictional Reporter who befriends the Ninja Turtles April O'Neil
19%
354 – 430 Theologian and philosopher of Roman North Africa St. Augustine of Hippo
9%
1974 – Law & Order actress who was married to Bobby Flay Stephanie March
6%
1950 – John Lennon called his relationship with her his "Lost Weekend" May {Pang}
5%
1948 – Singer best known for the 1963 song "I Will Follow Him" Peggy March
5%
No matching quizzes found
Score Distribution
Percent of People with Each Score
Percentile by Number Answered
Your Score History
You have not taken this quiz